Statistics for Currencies used in Europe

Click here to take the quiz!

General Stats

  • This quiz has been taken 68 times
  • The average score is 11 of 24

Answer Stats

SymbolCurrency% Correct
Euro
98%
£Pound Sterling
95%
krDanish Krone
82%
krNorwegian Krone
82%
Russian Ruble
72%
kr,ÍkrIcelandic Króna
67%
Turkish Lira
67%
Polish Złoty
63%
Czech Koruna
46%
CHFSwiss Franc
46%
лвBulgarian Lev
44%
FtHungarian Forint
42%
knCroatian Kuna
39%
LMoldovan Leu
39%
leiRomanian Leu
39%
RSD or РСДSerbian Dinar
35%
LAlbanian Lek
33%
денMacedonian Denar
18%
Ukrainian hryvnia
18%
BrBelarusian Rubel
14%
KMBosnia and Herzegovina Convertible Mark
14%
֏,դրArmenian Dram
11%
Georgian Lari
11%
Azerbaijani Manat
7%

Score Distribution

Percentile by Number Answered

Percent of People with Each Score

Your Score History

You have not taken this quiz